000 00678nam a2200217 a 4500
999 _c5067
_d5067
001 5067
003 BD-JhCC
005 20171207182239.0
008 171207b xxu||||| |||| 00| 0 eng d
035 _a(BD-JhCC) 5067
040 _aBD-JhCC
_dBD-JhCC
041 _aben
082 _a891.4415
_bMUK 1998
100 _aমুখোপাধ্যায়, সুভাস
245 _aবাংলা আমার বাংলাদেশ /
_cসুভাস মুখোপাধ্যায়
260 _aঢাকা :
_bসাহিত্য প্রকাশ ,
_c1998
300 _a107 p .:
_c22 cm .
650 _aBengali poem
942 _2ddc
_cBK